| 000 | 00435nam a22001577a 4500 | ||
|---|---|---|---|
| 005 | 20240802104943.0 | ||
| 008 | 240802b |||||||| |||| 00| 0 eng d | ||
| 041 | _aEnglish | ||
| 082 | _a349 NAT | ||
| 100 | _lEnglish | ||
| 245 | _aNatal Law Reports | ||
| 260 |
_aPietermaritzburg: _bMunro Brothers, _c1903 |
||
| 300 |
_bxxxi, 533 pages; _c25 cm. |
||
| 650 |
_aLegal practice _bLaw |
||
| 942 |
_cBK _6ALISON_BN_VRIES |
||
| 999 |
_c2394 _d2394 |
||